000 00739nam a22002297a 4500
003 dpl
005 20231020155749.0
008 231016b |||||||| |||| 00| 0 eng d
010 _aENG-138265
020 _a9789395422932
_c400.00
035 _aEN-121797
040 _cX
082 _21
_a658.1
_b1
100 _aSaravanakumar .A
_957833
245 _aOrganisational Behaviour/
_cBy A. Saravanakumar, M.M. Vishnu and RT. Lavanya
260 _aTamil Nadu
_bShanlax Publications
_c2023
270 _aVasantha Nagar, Madurai
_bTamil Nadu
_dIndia
_e625003
300 _a264.P
_b22cm.(pbk)
700 _aM.M. Vishnu
_957834
_e2nd author
700 _aRT. Lavanya
_957838
_e3rd author
942 _2ddc
_cEN
_h658.1
_i1
_mSAR
999 _c198763
_d198763